000 00603nam a22001937a 4500
999 _c11627
_d11627
003 OSt
005 20200207101029.0
008 181213b ||||| |||| 00| 0 eng d
022 _a00116009
040 _c0
082 _aDPer 792.805 D19 Mar-Aug 2016 v. 90, n. 3-8
100 _aWhittenburg, Zachary.
_933269
245 _aFriends with the floor:
_bfour tips to help you master floorwork/
260 _aNew York:
_bDance Media,
_c©Mar-Aug 2016.
300 _av90 n7, pages 52-53.
_bcolored illustration:
_c25 cm.
500 _aDance magazine.
650 _aDance
_933109
_xBallet.
942 _2ddc
_cPER